Vrai noms Youtubeurs - Statistiques

Statistiques générales
  • Ce quiz a été pris 610 fois
  • Le résultat moyen est 10 sur 20
Statistiques - réponses
Youtubeur Vrai Nom % Correct
Squeezie Lucas Hauchard
95%
Mastu Théo Becker
93%
Inoxtag Inès Benazzouz
92%
Michou Miguel Mattioli
85%
Aminematue Mohamed Amine Mahmoud
82%
SEB Sébastien Frit
82%
Joyca Jordan Rondelli
80%
Cyprien Cyprien Iov
75%
Theodort Théodore Levisse
48%
Lebouseuh Romain Goisbau
45%
Le Grand JD Julien Donzé
41%
Fuze III Julien Guichon
41%
Tibo Inshape Thibaud Delapart
27%
Rebeudeter Billal Hakkar
22%
Feldup Félix Dupuis
16%
Helydia Célia
8%
Unchained Charles Philip
8%
Cocotte Arianne Vallières
7%
I Show Speed Darren Watkins Jr
4%
MrBeast James Stephen Donaldson
4%
Aucun quiz correspondant
Distribution des résultats
% des personnes avec chaque résultat
Percentile par nombre de réponses
Votre historique - résultats
Vous n’avez pas pris ce quiz